Patrologia orientalis. (Record no. 184072)
[ view plain ]
| 000 -LEADER | |
|---|---|
| campo de control de longitud fija | 01669nam a2200289 i 4500 |
| 001 - NÚMERO DE CONTROL | |
| campo de control | 184072 |
| 003 - IDENTIFICADOR DE NÚMERO DE CONTROL | |
| campo de control | ES-MaACL |
| 005 - FECHA Y HORA DE LA ÚLTIMA TRANSACCIÓN | |
| campo de control | 20250817210532.0 |
| 008 - DATOS DE LONGITUD FIJA--INFORMACIÓN GENERAL | |
| campo de control de longitud fija | 150304s1924 fr |||| | fre d |
| 245 00 - MENCIÓN DEL TÍTULO | |
| Título | Patrologia orientalis. |
| Número de parte o sección de la obra | Tomus decimus octavus / |
| Mención de responsabilidad, etc. | [édité par] R. Graffin et F. Nau. |
| 260 ## - PUBLICACIÓN, DISTRIBUCIÓN, ETC. | |
| Lugar de publicación, distribución, etc. | Paris : |
| Nombre del editor, distribuidor, etc. | Firmin-Didot et cie, éditeurs, |
| Fecha de publicación, distribución, etc. | 1924. |
| 300 ## - DESCRIPCIÓN FÍSICA | |
| Extensión | 833 p. ; |
| Dimensiones | 28 cm. |
| 505 8# - NOTA DE CONTENIDO CON FORMATO | |
| Nota de contenido con formato | Contiene: Le synaxaire arménien de Ter Israël. V, Mois de Kalotz / publié et traduit par le Dr. G. Bayan. - 1924 ; Fasc. 1 Le Livre de Job / version copte bahaïrique publiée et traduite par E. Porcher. - 1924 ; Fasc. 2 Les plus anciens monuments du Christianisme écrits sur papyrus. II / textes édités, traduits et annotés par le Dr. Charles Wessely,.... - 1924 ; Fasc. 3 John of Ephesus : lives of the eastern Saints. II / syriac text edited and translated by E. W. Brooks. - 1924 ; Fasc. 4 Histoire de Yahya-ibn-Sa?ïd d'Antioche, continuateur de Sa?aïd-ibn-Bitriq / éditée et traduite en français par I. Kratchkovsky et A. Vasiliev. - 1924 |
| 650 ## - PUNTO DE ACCESO ADICIONAL DE MATERIA--TÉRMINO DE MATERIA | |
| Término de materia o nombre geográfico como elemento de entrada | Patrística. |
| 9 (RLIN) | 15895 |
| 650 07 - PUNTO DE ACCESO ADICIONAL DE MATERIA--TÉRMINO DE MATERIA | |
| Término de materia o nombre geográfico como elemento de entrada | Literatura cristiana primitiva |
| Fuente del encabezamiento o término | embne |
| 9 (RLIN) | 14529 |
| 700 1# - ENTRADA AGREGADA--NOMBRE PERSONAL | |
| Nombre de persona | Ter Israël. |
| 9 (RLIN) | 156173 |
| 700 1# - ENTRADA AGREGADA--NOMBRE PERSONAL | |
| Nombre de persona | Bayan, George. |
| 9 (RLIN) | 156174 |
| 700 1# - ENTRADA AGREGADA--NOMBRE PERSONAL | |
| Nombre de persona | Porcher, E. |
| 9 (RLIN) | 156203 |
| 700 1# - ENTRADA AGREGADA--NOMBRE PERSONAL | |
| Nombre de persona | Wessely, Karl, |
| Fechas asociadas al nombre | 1860-1931 |
| 9 (RLIN) | 156169 |
| 700 1# - ENTRADA AGREGADA--NOMBRE PERSONAL | |
| Nombre de persona | Brooks, Ernest Walter, |
| Fechas asociadas al nombre | 1863-1955 |
| 9 (RLIN) | 156178 |
| 700 1# - ENTRADA AGREGADA--NOMBRE PERSONAL | |
| Nombre de persona | Kratchkousky, Ignacio ( |
| Fechas asociadas al nombre | 1883-1951) |
| 9 (RLIN) | 156471 |
| 700 1# - ENTRADA AGREGADA--NOMBRE PERSONAL | |
| Nombre de persona | Vasiliev, Aleksandr Aleksandrovitch ( |
| Fechas asociadas al nombre | 1867-1953) |
| 9 (RLIN) | 156181 |
| 700 1# - ENTRADA AGREGADA--NOMBRE PERSONAL | |
| Nombre de persona | Graffin, René, |
| Fechas asociadas al nombre | 1858-1941 |
| 9 (RLIN) | 156163 |
| 700 1# - ENTRADA AGREGADA--NOMBRE PERSONAL | |
| Nombre de persona | Nau, François. |
| 9 (RLIN) | 85006 |
| 852 ## - LOCALIZACIÓN | |
| Ubicación | ES-MaACL |
| Número de control de estantería | G-707 |
| Estatus retirado | Estado de pérdida | Estado de daño | No para préstamo | Biblioteca de origen | Biblioteca actual | Ubicación en estantería | Fecha de adquisición | Fuente de adquisición | Total de préstamos | Signatura topográfica completa | Código de barras | Visto por última vez | Precio de reemplazo | Tipo de ítem Koha |
|---|---|---|---|---|---|---|---|---|---|---|---|---|---|---|
| Biblioteca del Ateneo de Madrid | Biblioteca del Ateneo de Madrid | Depósito 2 | 04/03/2015 | G-707 | 1193561 | 23/02/2023 | 23/02/2023 | Libro impreso |
